000 00866nam a2200253Ia 4500
001 21993
005 20260320113332.0
008 260320s9999||||xx |||||||||||||| ||und||
020 _a9788417185589
041 _aESP
082 _a289
_bS29
100 _aSchlag, Martin,
_eEDT
245 0 _aManual de doctrina social de la Iglesia :
_buna guía para los cristianos en el mundo de hoy
246 _a
_5
_b
260 _aMadrid :
_bEditorial Didaskalos,
_c2021
300 _a294 páginas :
_b
_c21 cm.
_e
440 _a(Didaskalos
_n; número 61)
_v
650 _aREL
653 _aCristianismo; Doctrina social de la Iglesia; Bioética
654 _aCHU
700 _aSotro, Viviana,
_cTRA
856 _uhttps://0u20fmsnu-y-https-research-ebsco-com.itmsp.museknowledge.com/c/qxo6us/search
_zVéase además: Base de datos EBSCOhost
942 _cLIB
_dJUS
_fMAT
_2ddc
_n
999 _c21993
_d21993